000 00498nam a2200217Ia 4500
003 OSt
005 20220924134609.0
006 a|||||r|||| 00| 0
007 ta
008 KAN
024 _a280768
037 _cTextual
040 _aARTS
_cARTS
_bKAN
041 _2KAN
_aKAN
082 _aP33, N1
100 _aM Rajagopalcharya Ed.
_9208793
245 0 _aTadavale granthasuci
260 _c1991
942 _hP33, N1
_cTEXL
_2CC
999 _c437956
_d437956